Logo BPK

Biblioteka

Politechniki Koszalińskiej

Badania nad kształtowaniem się niektórych wskaźników techniczno-zoohigienicznych i produkcyjnych w budynkach inwentarskich / (Rekord nr 29593)

Szczegóły MARC
000 -ETYKIETA REKORDU
podpole kontrolne o stałej długości 00428nam a2200145 i 4500
001 - NUMER KONTROLNY REKORDU
pole kontrolne bg
040 ## - ŹRÓDŁO KATALOGOWANIA
Instytucja, która utworzyła rekord BPK
041 ## - KOD JĘZYKA
Kod języka tekstu pol
080 ## - UNIWERSALNA KLASYFIKACJA DZIESIĘTNA - UKD
UKD 631.22
008 - POLE O STAŁEJ DŁUGOŚCI - DANE KONTROLNE
podpole kontrolne o stałej długości s pl f |000 0 pol
100 1# - NAZWA OSOBOWA
Nazwa osobowa CAPUTA, Henryk
245 #0 - TYTUŁ/ODPOWIEDZIALNOŚĆ
Tytuł Badania nad kształtowaniem się niektórych wskaźników techniczno-zoohigienicznych i produkcyjnych w budynkach inwentarskich /
Pozostałe elementy strefy tytułu i oznaczenia odpowiedzialności Henryk Caputa.
260 ## - STREFA ADRESU WYDAWNICZEGO
Miejsce wydania Opole,
Data publikacji, dystrybucji/powstania dokumentu 1991.
856 ## - LOKALIZACJA I DOSTĘP DO ELEKTRONICZNYCH DOKUMENTÓW ZDALNYCH
Link (URL) http://koha.tu.koszalin.pl/cgi-bin/koha/opac-detail.pl?biblionumber=29593
Tekst linku Katalog online BPK
942 ## - DODATKOWE ELEMENTY (KOHA)
Typ dokumentu Książka
Egzemplarze
Wycofany Status egzemplarza Uszkodzony Dostępność Lokalizacja stała Lokalizacja bieżąca Miejsce przechowywania Sygnatura Kod kreskowy Typ dokumentu
      Dostępny Biblioteka Politechniki Koszalińskiej Biblioteka Politechniki Koszalińskiej Wypożyczalnia BG 35818 01607246 Książka
© 2023 Biblioteka Politechniki Koszalińskiej :: KOHA